000 004560000a22001810004500
020 _a394-749003-0
041 0 _aSPA
082 0 4 _aG 300 T5837p
100 1 _aTimerman, Jacobo
245 1 0 _aPreso sin nombre, celda sin número / Jacobo Timerman
260 _aNueva York : Random
300 _a161 Pag
001 9214
942 _cBK
999 _c39278
_d39278
336 _atexto
_btxt
_2rdacontent
337 _2rdamedia
_asin mediación
_bn
338 _2rdacarrier
_avolumen
_bnc